|
|
|
|
| LEADER |
00785cam a2200217 7i4500 |
| 001 |
0000020385 |
| 005 |
20081231090000.0 |
| 008 |
081231 eng |
| 020 |
|
|
|a 9837201290 (pbk.)
|
| 040 |
|
|
|a IIUM
|
| 090 |
0 |
0 |
|a PJ6123
|b .J37 1995
|
| 100 |
1 |
|
|a Jassem, Jassem Ali,
|c Dr
|
| 245 |
0 |
0 |
|a Drills in Arabic writing and pronunciation :
|b as a foreign/second language
|c Jassem Ali Jassem, Zaid Ali Jassem, Zaidan Ali Jassem.
|
| 260 |
|
|
|a Kuala Lumpur:
|b Golden Books Centre,
|c 1995.
|
| 300 |
|
|
|a a xxi, 114 p.;
|c 31 cm.
|
| 650 |
0 |
0 |
|a Arabic language --
|x Pronunciation
|
| 650 |
0 |
0 |
|a Arabic language --
|x Writing
|
| 650 |
0 |
0 |
|a Writing, Arabic
|
| 700 |
1 |
|
|a Jassem, Zaid Ali
|
| 700 |
1 |
|
|a Jassem, Zaidan Ali
|
| 999 |
|
|
|a 0000022318
|b BOK
|c OPEN SHELF
|e 1st Floor, Bestari Jaya
|